00753nam a22001697a 4500999001700000082001200017100006800029245009300097260000900190300001300199504003800212536005600250650010900306700002000415942001200435952013600447 c26413d26413 aRT.0110 aT., AbhilashuGokhale Institute of Politics and EconomicsvPune aSocio - Economic Inclusion of Nomadic Tribesb: A Case Study of Malai Pandaram in Kerala aPune axv,155p. aInclude Bibliography and Annexure aIndian Council of Social Science Research, New Delh asocial statusvsocio - economic statusvInclusion, Socialvnomadic tribeszmalai pandaramzkeralazindia aBansode,prasant cRP2ddc 001040718IRPaNASSDOCbNASSDOCd2021-01-12eGifted by RP Division, ICSSRl0oRT.0110p51148r2021-01-14 00:00:00w2021-01-14yRP